Detalles MARC
| 000 -LIDER |
| fixed length control field |
01290nam a22003017a 4500 |
| 001 - NÚMERO DE CONTROL |
| Identificador de número de control |
000445 |
| 003 - IDENTIFICACDOR DE NÚMERO DE CONTROL |
| control field |
DO-SdBNP |
| 005 - DATE AND TIME OF LATEST TRANSACTION |
| control field |
20171110110501.0 |
| 008 - ELEMENTOS DE LONGITUD FIJA |
| fixed length control field |
160830b 2007 mx ||||| |||| 00| 0 spa d |
| 020 ## - ISBN |
| International Standard Book Number |
9789707706453 |
| 040 ## - FUENTE DE CATALOGACIÓN |
| Agencia que crea de manera original el registro |
BPMSU |
| Idioma de catalogación |
spa |
| Agencia que realiza la transcripción |
BPMSU |
| 082 #4 - NÚMERO DE CLASIFICACIÓN DECIMAL DE DEWEY |
| Classification number |
616.861075 |
| Item number |
P927c |
| 100 1# - ASIENTO PRINCIPAL -- NOMBRE PERSONAL |
| Nombre personal |
Prentiss, Chris |
| 240 10 - TITULO UNIFORME |
| Título uniforme |
The alcoholism & addiction cure. |
| Idioma de una obra |
Español. |
| 245 10 - MENCIÓN DE TITULO |
| Título |
La cura del alcoholismo y otras adicciones : |
| Subtítulo |
un programa excepcional para obtener la sobriedad total / |
| Mención de responsabilidad |
Chris Prentiss. |
| 260 ## - PUBLICACIÓN, DISTRIBUCIÓN, ETC. (PIE DE IMPRENTA) |
| Lugar de publicación, distribución, etc |
México, D. F. : |
| Nombre del editor, distribuidor, etc. |
Alamah, |
| Fecha de publicación, distribución, etc |
2007. |
| 300 ## - DESCRIPCIÓN FÍSICA |
| Extensión |
375 p. ; |
| Dimensiones |
23 23 cm. |
| 490 1# - MENCIÓN DE SERIES |
| Mención de serie |
Medicina alternativa |
| 505 ## - NOTA DE CONTENIDO |
| Título |
Mi compromiso contigo -- |
| -- |
Sanar las causas subyacentes -- |
| -- |
Al infierno y de regreso -- |
| -- |
Cabia el paradigma de tratamiento -- |
| -- |
Las cuatro causas de la dependencia -- |
| -- |
Debes creer que una cura es posible para ti -- |
| -- |
Crea tu programa holístico de recuperación -- |
| -- |
Tu filosofía personal -- |
| -- |
Un nuevo capítulo en tu vida. |
| 650 #4 - ENCABEZAMIENTO DE MATERIA--TEMÁTICO |
| Término temático o nombre geográfico como elemento de entrada |
ALCOHOLISMO |
| 650 #4 - ENCABEZAMIENTO DE MATERIA--TEMÁTICO |
| Término temático o nombre geográfico como elemento de entrada |
ALCOHOLISMO |
| Subdivisión temática general |
TRATAMIENTO |
| 650 #4 - ENCABEZAMIENTO DE MATERIA--TEMÁTICO |
| Término temático o nombre geográfico como elemento de entrada |
ALCOHÓLICOS |
| Subdivisión temática general |
REHABILITACIÓN |
| 830 #0 - ASIENTO SECUNDARIO DE SERIE--TÍTULO UNIFORME |
| Título uniforme |
Medicina alternativa |
| 910 ## - VALIDACIÓN |
| Validación |
Validado. Control de calidad MFF |
| 942 ## - ADDED ENTRY ELEMENTS (KOHA) |
| Source of classification or shelving scheme |
Dewey Decimal Classification |
| Koha item type |
Libros |
| 945 ## - INFORMACIÓN DE PROCESAMIENTO LOCAL |
| Información de procesamiento local |
Inventariado, 2017/MFF |
| 956 ## - LOCAL ELECTRONIC LOCATION AND ACCESS (OCLC) |
| Método de acceso |
LOPEREZ |
| Materiales especificados |
10 |
| Enlace |
20160830 |
| Campo enlazado y núm. de secuencia |
BPMSU |
| Nombre de host |
00041 |